La ciudadela / (Registro nro. 8778)
[ vista simple ]
| 000 -LIDER | |
|---|---|
| fixed length control field | 00700nam a22002657a 4500 |
| 001 - NÚMERO DE CONTROL | |
| Identificador de número de control | 0074 |
| 003 - IDENTIFICACDOR DE NÚMERO DE CONTROL | |
| control field | DO-SdBNP |
| 005 - DATE AND TIME OF LATEST TRANSACTION | |
| control field | 20180119092539.0 |
| 007 - CAMPOS FIJOS DE DESCRIPCIÓN FÍSICA | |
| fixed length control field | 0074 |
| 008 - ELEMENTOS DE LONGITUD FIJA | |
| fixed length control field | 151118b sp 1984 ||||| |||| 00| 0 spa d |
| 020 ## - ISBN | |
| International Standard Book Number | 8401371627 |
| 040 ## - FUENTE DE CATALOGACIÓN | |
| Agencia que crea de manera original el registro | BPMSU |
| Idioma de catalogación | spa |
| Agencia que realiza la transcripción | BPMSU |
| 041 17 - CÓDIGOS DE OBRAS TRADUCIDAS O EN VARIOS IDIOMAS | |
| Código del idioma del texto/archivo de sonido o separata | spa |
| Cód. del idioma original y/o traducciones intermedias del texto | eng |
| 092 ## - LOCALLY ASSIGNED DEWEY DECIMAL CALL NUMBER | |
| Número de clasificación | xxxxx |
| Número de ítem (Cutter) | xxxxx |
| 100 1# - ASIENTO PRINCIPAL -- NOMBRE PERSONAL | |
| Nombre personal | Cronin, Archibald Joseph |
| 240 ## - TITULO UNIFORME | |
| Idioma de una obra | spa |
| 245 13 - MENCIÓN DE TITULO | |
| Título | La ciudadela / |
| Mención de responsabilidad | Archibald Joseph Cronin ; traducción Enrique Pepe |
| 246 ## - VARIACION DEL TÍTULO | |
| Título propiamente dicho o título corto | The citadel |
| 260 ## - PUBLICACIÓN, DISTRIBUCIÓN, ETC. (PIE DE IMPRENTA) | |
| Lugar de publicación, distribución, etc | Barcelona : |
| Nombre del editor, distribuidor, etc. | Plaza & Janes, |
| Fecha de publicación, distribución, etc | 1984. |
| 300 ## - DESCRIPCIÓN FÍSICA | |
| Extensión | 411 p. : |
| Dimensiones | 19 cm. |
| 700 12 - ASIENTO SECUNDARIO -- NOMBRE PERSONAL | |
| Nombre personal | Pepe, Enrique, |
| Mención de responsabilidad | tr. |
| 942 ## - ADDED ENTRY ELEMENTS (KOHA) | |
| Source of classification or shelving scheme | Dewey Decimal Classification |
| Koha item type | Libros |
| 945 ## - INFORMACIÓN DE PROCESAMIENTO LOCAL | |
| Información de procesamiento local | Inventariado, 2018 /LP |
| 956 ## - LOCAL ELECTRONIC LOCATION AND ACCESS (OCLC) | |
| Nombre de host | Brenda Tavárez |
| Número de acceso | 10 |
| Withdrawn status | Lost status | Source of classification or shelving scheme | Damaged status | Not for loan | Collection code | Home library | Current library | Date acquired | Source of acquisition | Total Checkouts | Barcode | Date last seen | Price effective from | Koha item type |
|---|---|---|---|---|---|---|---|---|---|---|---|---|---|---|
| Dewey Decimal Classification | Colección General | Biblioteca Pública Metropolitana Salomé Ureña | Biblioteca Pública Metropolitana Salomé Ureña | 11/18/2015 | Donación | BPMSU15110346 | 11/18/2015 | 11/18/2015 | Libros |